New England States Map Quiz - Statistics

General Stats
  • This quiz has been taken 443 times
  • The average score is 5 of 6
Answers on the Map
Answers color-coded by a green-red scale on the quiz's map according to % correct below.
 
Answer Stats
Answer % Correct
Maine
94%
Rhode Island
87%
Massachusetts
84%
Connecticut
83%
Vermont
82%
New Hampshire
81%
No matching quizzes found
Score Distribution
Percent of People with Each Score
Percentile by Number Answered
Your Score History
You have not taken this quiz